000
00338nam a2200157Ia 4500
005
20250603145626.0
008
250603s9999 xx 000 0 und d
020
_a
700092011022
245
0
_a
Pulication catalogue 2012
260
_a
USA
260
_b
Tughra Books
260
_c
2012
300
_a
56 p
650
_a
USA
942
_c
BK
999
_c
42383
_d
42383